00324cam a22000977a 4500008003900000082001800039100004700057245008600104260002800190300000800218180718bn.d xxu||||| |||| 00| 0 eng d aB71103x5434 A aRajasthan. Law and Judicial (A) Department aThe Rajasthan Panchayat samitis and Zila Paraishad Act, 1959 (Act No. 37 of 1959) aJaipurbThe authorcn.d a57p